Statistiques concernant Les visites du Tour de France aux départements - les moins visités

Cliquez ici pour prendre le quiz!

Statistiques générales

  • Ce quiz a été pris 57 fois
  • Le résultat moyen est 23 sur 33

Statistiques - réponses

Nombre
de visites
RégionDépartement% Correct
1CorseHaute-Corse
96%
1CorseCorse-du-Sud
95%
15OccitanieLot
76%
15Grand-EstArdennes
75%
16Grand-EstBas-Rhin
75%
16Auvergne-Rhône-AlpesCantal
75%
14BretagneFinistère
73%
19Grand-EstMarne
73%
17Nouvelle-AquitaineCorrèze
71%
13Nouvelle-AquitaineCreuse
71%
11Grand-EstHaute-Marne
71%
12Centre-Val-de-LoireIndre
71%
10Nouvelle-AquitaineLot-et-Garonne
71%
18OccitanieTarn-et-Garonne
71%
14Ile-de-FranceVal d'Oise
71%
15Grand-EstAube
69%
18Nouvelle-AquitaineCharente
69%
17Centre-Val-de-LoireCher
69%
14Centre-Val-de-LoireIndre-et-Loire
69%
15OccitanieLozère
69%
15Ile-de-FranceSeine-Saint-Denis
69%
19Bourgogne-Franche-ComtéCôte d'or
67%
19Bourgogne-Franche-ComtéHaute-Saône
67%
16Pays-de-la-LoireSarthe
67%
15Auvergne-Rhône-AlpesAllier
65%
11Bourgogne-Franche-ComtéNièvre
65%
17Bourgogne-Franche-ComtéYonne
65%
19Provence-Alpes-Côte-d'AzurAlpes-Maritimes
64%
17Nouvelle-AquitaineDeux-Sèvres
62%
19Auvergne-Rhône-AlpesHaute-Loire
62%
17Centre-Val-de-LoireLoir-et-Cher
62%
17Centre-Val-de-LoireEure-et-Loir
60%
17OccitaniePyrénées-Orientales
47%

Distribution des résultats

Percentile par nombre de réponses

% des personnes avec chaque résultat

Votre développement - résultats

Vous n’avez pas pris ce quiz